[Event "Mittelfranken-chTB2a 1718"]
[White "Puehn, Georg"]
[Black "Stoll, Tobias"]
[Site "Mittelfranken"]
[Round "7.8"]
[Result "0-1"]
[Date "2018.04.08"]
[WhiteElo "1870"]
[BlackElo "1615"]
[PlyCount "131"]
[EventDate "2017.10.08"]
[EventType "team-tourn"]
[EventRounds "9"]
[EventCountry "GER"]
[SourceTitle "EXT 2022"]
[Source "ChessBase"]
[SourceDate "2021.10.06"]
[SourceVersion "1"]
[SourceVersionDate "2021.10.06"]
[SourceQuality "1"]
[WhiteTeam "Nuernberg Sued SW IV"]
[BlackTeam "Cadolzburg"]
[WhiteTeamCountry "GER"]
[BlackTeamCountry "GER"]

1. e4 e6 2. d3 Nc6 3. Nf3 Nf6 4. g3 b6 5. Bg2 Bb7 6. 0-0 Be7 7. e5 Ng8 8. c3 d6 9. Qa4 d5 10. Qg4 g6 11. Re1 h5 12. Qa4 Qd7 13. b3 0-0-0 14. Ba3 Nh6 15. Bxe7 Qxe7 16. h4 Nf5 17. d4 f6 18. exf6 Qxf6 19. Nbd2 Kb8 20. Re2 Rh7 21. Ng5 Re7 22. Rae1 e5 23. dxe5 Rxe5 24. Qf4 Rxe2 25. Rxe2 Qxc3 26. Ne6 Ncd4 27. Nxd4 Nxd4 28. Re7 Qc2 29. Kh2 Nf5 30. Rf7 Nd6 31. Rg7 Ne4 32. Bxe4 dxe4 33. Nc4 Rc8 34. Qd2 Qb1 35. Ne3 Qd3 36. Qc1 Qd6 37. Qc4 Qc6 38. Rf7 Qd6 39. a4 Rf8 40. Kg1 Rxf7 41. Qxf7 a6 42. Kg2 Qc6 43. Qg8+ Ka7 44. Kh2 a5 45. Kg1 Ba6 46. Qf7 Bc8 47. Qc4 Qxc4 48. Nxc4 Be6 49. Nd2 Bd5 50. Kf1 b5 51. Ke2 Kb6 52. Ke3 b4 53. Kd4 c6 54. Ke5 Kc5 55. Nxe4+ Bxe4 56. Kxe4 Kd6 57. Kd4 c5+ 58. Kc4 Kc6 59. f3 Kd6 60. g4 Ke5 61. Kxc5 g5 62. gxh5 gxh4 63. h6 Kf6 64. Kb5 h3 65. Kxa5 h2 66. Kxb4 0-1

[Event "Mittelfranken-chTB2a 1617"]
[White "Heinz, Manfred"]
[Black "Stoll, Tobias"]
[Site "Mittelfranken"]
[Round "2.6"]
[Result "1-0"]
[Date "2016.11.13"]
[WhiteElo "1721"]
[BlackElo "1615"]
[PlyCount "73"]
[EventDate "2016.10.23"]
[EventType "team-tourn"]
[EventRounds "9"]
[EventCountry "GER"]
[SourceTitle "EXT 2022"]
[Source "ChessBase"]
[SourceDate "2021.10.06"]
[SourceVersion "1"]
[SourceVersionDate "2021.10.06"]
[SourceQuality "1"]
[WhiteTeam "Heilsbronn"]
[BlackTeam "Zirndorf II"]
[WhiteTeamCountry "GER"]
[BlackTeamCountry "GER"]

1. Nf3 d5 2. g3 Nf6 3. Bg2 Bf5 4. 0-0 e6 5. c4 Nbd7 6. Nc3 c6 7. d4 Bd6 8. cxd5 cxd5 9. Qa4 0-0 10. Bg5 h6 11. Bxf6 Nxf6 12. Rac1 a6 13. Qb3 Qe7 14. Nd2 Bb4 15. a3 Ba5 16. Qa4 Bc7 17. Qb3 b5 18. e4 dxe4 19. Ndxe4 Nxe4 20. Nxe4 Rad8 21. Nc5 Rxd4 22. Nxa6 Bd6 23. Rfd1 Rxd1+ 24. Rxd1 Bg4 25. Rd2 Rc8 26. h3 Rc1+ 27. Kh2 Bf5 28. Qxb5 Rb1 29. a4 f6 30. a5 Be5 31. Nc5 h5 32. a6 Ra1 33. Rd7 Qf8 34. a7 h4 35. Na6 hxg3+ 36. fxg3 Rxa6 37. Qxa6 1-0